000 01869cam a2200421 4500
003 PE-LiUPU
005 20250731183437.0
020 _a3791330497
035 _a(Sirsi) i9783791330495
035 _a(Sirsi) 48417
035 _a(Sirsi) 48417
041 _aen
044 _aus
082 0 4 _a721.0449
_bM42
245 _aMembrane structure :
_binnovative building with film and fabric /
_ceditado por Klaus-Michael Koch y Karl J. Habermann ; con la colaboración de Brian Forster ... [et al.].
264 1 _aMunich ; Nueva York :
_bPrestel,
_c2004
300 _a262 páginas :
_bilustraciones ;
_c31 cm.
500 _aCon 1 hoja de muestra de material (fluoropolímero tejido recubierto de vidrio) en el bolsillo.
504 _aIncluye referencias bibliográficas.
505 0 _aOpting for membrane architecture -- The history of membrane building -- Material and workmanship -- Development of form and structure -- Primary structures -- Membrane engineering -- Design of the details -- A selection of membrane structures wo
526 _aP158
526 _aP146
526 _aP17
526 _aP12
526 _aP06
650 1 4 _aArquitectura de tracción
650 1 4 _aMateriales de construcción
_xInnovaciones tecnológicas
700 1 _aKoch, Klaus-Michael
_eed.
700 1 _aHabermann, Karl J.
_eed.
700 1 _aForster, Brian
_ecolab.
942 _2ddc
_cBOOK
949 _a721.0449 M42
_i66361
_lCCODEBUL1
_mBUL
_tLIBRO
_o.STAFF. Colección general
859 _q66361
_h721.0449
_iM42
910 _afsr
_bjv
_cjck
_d20130226
596 _a1
999 _a721.0449 M42
_wDEWEY
_c54623
_i66361
_d54623
_f2021-11-9
_g7
_lCCODEBUL1
_mBUL
_p130.00
_q2
_r0
_sY
_tBOOK
_u2015-7-6
_xINGENIERIA
_PP06
_0COMPRA
_o.STAFF. Colección General
980 _81
_gALBERTO SANCHEZ Responsable de Automatización